Sports Quiz

Random Sports or NBA Quiz

Top 50 Active NBA Players By Their Total Career Quiz Stats

Quiz not verified by Sporcle

Challenge
Share
Tweet
Embed
Score 0/50 Timer 13:00
0 Plays Today
% Correct
LeBron James
95.6%
Kobe Bryant
94.8%
Tim Duncan
91.1%
Kevin Garnett
91.1%
Dwyane Wade
91.1%
Dirk Nowitzki
90.4%
Paul Pierce
88.9%
Steve Nash
87.4%
Jason Kidd
86.7%
Dwight Howard
85.9%
Tony Parker
85.2%
Ray Allen
84.4%
Chris Paul
84.4%
Chris Bosh
84.4%
Carmelo Anthony
83%
Kevin Durant
83%
Pau Gasol
82.2%
Manu Ginobili
82.2%
Deron Williams
80%
Joe Johnson
80%
Rasheed Wallace
80%
Ben Wallace
80%
Vince Carter
78.5%
Amare Stoudemire
77%
David West
77%
% Correct
Josh Smith
72.6%
Chauncey Billups
71.1%
Carlos Boozer
69.6%
Zach Randolph
67.4%
Rajon Rondo
67.4%
Shawn Marion
65.2%
Jermaine Oneal
65.2%
Tyson Chandler
64.4%
Al Jefferson
63.7%
Grant Hill
63%
Richard Hamilton
63%
Jason Terry
63%
Antawn Jamison
60.7%
Elton Brand
58.5%
Andre Iguodala
58.5%
Tracy Mcgrady
57%
Ron Artest
57%
David Lee
54.8%
Baron Davis
53.3%
Lamar Odom
48.9%
Marcus Camby
46.7%
Jerry Stackhouse
43.7%
Jason Richardson
40.7%
Emeka Okafor
40%
Al Harrington
17%

You're not logged in!

Compare scores with friends on all Sporcle quizzes.
Sign Up with Email
OR
Log In

You Might Also Like...

Show Comments

Extras

Top Quizzes Today


Score Distribution

Your Account Isn't Verified!

In order to create a playlist on Sporcle, you need to verify the email address you used during registration. Go to your Sporcle Settings to finish the process.

Report this User

Report this user for behavior that violates our Community Guidelines.

Details: